000 00658nam a22002177a 4500
003 UA-OsUOA
001 101672
007 ta
008 20130704b un ||||| |||| 00| 0 ukr d
100 _aФурсова В.
090 _a330(477)
_bФ95
942 _cSA
040 _aUA-OsUOA
_bukr
_cUA-OsUOA
_dUA-OsUOA
245 _aУдосконалення Удосконалення методики оцінювання рівня проблемних активів комерційного банку
300 _aС.38-59
955 _a0
041 _aukr
080 _a330(477)
773 0 _w101668
650 7 _a330 Економіка взагалі
_2UDC
999 _c387885
_d387885